Winckelmann : una vita per Apollo /

Kaydedildi:
Detaylı Bibliyografya
Yazar: Leppmann, Wolfgang (Yazar)
Diğer Yazarlar: Agabio, Giovanna
Materyal Türü: Kitap
Dil:İtalyanca
Baskı/Yayın Bilgisi: Milano : Longanesi, 1987
Seri Bilgileri:Il cammeo ; 153
Konular:
Etiketler: Etiketle
Etiket eklenmemiş, İlk siz ekleyin!

MARC

LEADER 00000nam a2200000 i 4500
001 IT\ICCU\RAV\0019267
003 ItRI
005 20260115231904.0
008 870929s1987 it |||||| ||||| |||||c
020 |a 883040750X 
040 |b ita  |c importazione bologna sebina 
041 7 |a ita  |2 ISO-639-2 
082 |a 709.2  |9 ARTISTI DI OGNI AREA, REGIONE, LUOGO  |2 20 
082 |a 930.92  |2 20 
100 1 |a Leppmann, Wolfgang  |0 IT\ICCU\CFIV\062793  |4 aut 
240 1 0 |a Winckelmann  |3 IT\ICCU\CFI\0099028  |9 Leppmann, Wolfgang 
245 1 0 |a Winckelmann :  |b una vita per Apollo /  |c di Wolfgang Leppmann ; traduzione di Giovanna Agabio. 
260 |a Milano :  |b Longanesi,  |c 1987 
300 |a 218 p. :  |b 5 ill. ;  |c 21 cm. 
650 7 |a Winckelmann, Johann Joachim 
700 1 |a Agabio, Giovanna  |0 IT\ICCU\CFIV\040253 
830 3 |a Il cammeo ;  |v 153  |0 IT\ICCU\RAV\0117480 
942 |2 ddc  |c BK  |n 0 
952 |0 0  |1 0  |4 0  |6 DOC_830_992000000000000_LEP  |7 0  |9 15471  |a BO  |b BO  |d 2026-01-15  |i 5127  |l 0  |o DOC 830.992 LEP  |p BO5127  |r 2026-01-15 23:19:04  |w 2026-01-15  |x [Sebina 5] [1 v.]  |y BK  |z 1 v. 
999 |c 13317  |d 13317